| 000 | 00437nam a22001337a 4500 | ||
|---|---|---|---|
| 003 | OSt | ||
| 082 |
_a631.7 _bADA/DE |
||
| 100 | _aAdarsh, S. S | ||
| 245 | _aDetermination of subsurface stormflow using tracer method | ||
| 260 |
_aTavanur _bDepartment of Soil and Water Conservation Engineering _c2020 |
||
| 700 | _aSathian, K. K | ||
| 856 | _uhttps://drive.google.com/file/d/1H5_HBeF9NoUHi_ppqHt8JKNetzJMW-5R/view?usp=sharing | ||
| 942 | _cTH | ||
| 999 |
_c16307 _d16307 |
||